1467 1054 1216 1509 1040 1319 1499 1803 1571 1347 1453 1725 1478 1422 1048 1972 1570 1454 1627 1183 1517 1334 1512 1199 1231 1746 1394 1278 1585 1433 1145 1148 1431 1502 1566 1724 1187 1098 1195 1782 1844 1110 1999 1110 1088 1216 1948 1950 1968 1436 1137 1617 1218 1024 1013 1840 1334 1095 1339 1917 1750 1662 1498 1075 1064 2000 1672 1527 1332 1304 1357 1202 1095 1024 1504 1862 1073 1951 1135 1037 1538 1401 1654 1100 1480 1331 1549 1529 1831 1078 1494 1589 1464 1138 1566 1800 1214 1314 1129 BCNSPRNW ULIB Ver.6.0+V

เปลี่ยนเป็นภาษาไทย

Change to English
 แสดงรายละเอียดบรรณานุกรม
  กลับหน้าหลัก

Brief Record : Get Marc (ISO 2709) : E-mail record : QR code < ปิดหน้าต่าง
LEADER : 00000nam 2200000uu 4500
001    13399110545
003     ULIB
008    110602s2552||||th 000 0 tha d
020    9786117023033
050  4 BQ4570.L5^bพ358ธ ล.5 2552
100 0  พระมหาสมปอง ตาลปุตฺโต
245 10 ธรรมะเดลิเวอรี่ .^nเล่ม 5 :^bธรรมะวัยเกษียณ /^cพระมหาสมปองตาลปุตโต ; บรรณาธิการ, สุภาพรรณ เยี่ยมชัยภูมิ
246 30 ธรรมะวัยเกษียณ
260    กรุงเทพฯ :^bบริษัท ไทยยูเนี่ยนกราฟฟิกส์ จำกัด,^c2552
300    169 หน้า :^bภาพประกอบ ;^c19 ซม.
650  7 ธรรมะกับชีวิตประจำวัน
650  7 การดำเนินชีวิต^xแง่ศาสนา^xพุทธศาสนา
700 0  สุภาพรรณ เยี่ยมชัยภูมิ,^eบรรณาธิการ
945    ^p155^l0^i030115
995    เกษร
999 ^a ใช้งานได้ทุกระบบ
รายการนี้ยังไม่มีแท็ก
คุณยังไม่ได้ล็อกอิน คุณสามารถมีกิจกรรมร่วมกับเว็บไซต์ได้ แต่ต้องล็อกอินก่อน ::
  ล็อกอิน

รายการสื่อสารสนเทศ

ลำดับที่ ประเภท เลขเรียก/บาร์โค้ด สถานที่ สถานะ
- ไม่พบข้อมูล -

รายการใกล้เคียง
    ผู้แต่ง [พระมหาสมปอง ตาลปุตฺโต]

    หัวเรื่อง [ธรรมะกับชีวิตประจำวัน]

BibComment


ยังไม่เคยถูกคอมเมนท์

คอมเมนท์ทรัพยากรรายการนี้
  คอมเมนท์: ธรรมะเดลิเวอรี่ ..


 Copyright 2026. Bcnsprnw @Library